UFC Kämpfer Nicknames - Statistiken

Allgemein
  • Dieses Quiz wurde 44 mal gespielt
    22 seit der letzten Aktualisierung
  • Das Durchschnittsergebnis liegt bei 31 aus 105
Antwortstatistiken
Nickname Antwort % Korrekt
DC Daniel Cormier
94%
Mighty Mouse Demetrious Johnson
94%
Bones Jon Jones
94%
The Notorious Conor McGregor
82%
The Eagle Khabib Nurmagomedov
82%
El Matador Ilia Topuria
76%
Rampage Quinton Jackson
76%
Poatan Alex Pereira
71%
Do Bronx Charles Oliveira
71%
Borz Khamzat Chimaev
71%
Blessed Max Holloway
71%
Suga Sean O'Malley
71%
The Great Alexander Volkanovski
65%
The Baddy Paddy Pimblett
65%
El Cucuy Tony Ferguson
65%
Cowboy Donald Cerrone
59%
The Diamond Dustin Poirier
59%
The Last Stylebender Israel Adesanya
59%
The Highlight Justin Gaethje
59%
The Nigerian Nightmare Kamaru Usman
59%
Soldier Of God Yoel Romero
59%
The Spider Anderson Silva
53%
Remember The Name Belal Muhammad
53%
Hangman Dan Hooker
53%
Rush Georges St-Pierre
53%
Chito Marlon Vera
53%
Bullet Shara Magomedov
53%
Wonderboy Stephen Thompson
53%
The Iceman Chuck Lidell
47%
The Black Beast Derrick Lewis
47%
Shogun Mauricio Rua
47%
T-City Brian Ortega
41%
Hendo Dan Henderson
41%
Triple C Henry Cejudo
41%
Gamebred Jorge Masvidal
41%
Rocky Leon Edwards
41%
The Axe Murderer Wanderlei Silva
41%
The Cannibal Alexandre Pantoja
35%
Funk Master Aljamain Sterling
35%
Lionheart Anthony Smith
35%
Bon Gamin Cyril Gane
35%
The Machine Merab Dvalishvili
35%
Venom Michael Page
35%
Showtime Anthony Pettis
29%
The Assasin Baby Brandon Moreno
29%
Thug Nasty Bryce Mitchell
29%
The Predator Francis Ngannou
29%
The Future Ian Machado Garry
29%
No Mercy Petr Yan
29%
The Reaper Robert Whittaker
29%
Bam Bam Tai Tuivasa
29%
No Love Cody Garbrandt
24%
The Killa Gorilla Jared Cannonier
24%
The Venezuelan Vixen Julianna Pena
24%
Meatball Molly McCann
24%
The Nightmare Carlos Prates
18%
The American Gangster Chael Sonnen
18%
The Korean Zombie Chan Sung Jung
18%
Durinho Gilbert Burns
18%
New Mansa Joaquin Buckley
18%
Iron Michael Chandler
18%
Ruthless Robbie Lawler
18%
El Conquistador Aleksandre Topuria
12%
Chaos Colby Covington
12%
The Dominator Dominick Cruz
12%
The Fearless Joshua Van
12%
The Dragon Lyoto Machida
12%
Super Samoan Mark Hunt
12%
The Count Michael Bisping
12%
Rowdy Ronda Rousey
12%
Big Country Roy Nelson
12%
The Skyscraper Stefan Struve
12%
Bullet Valentina Shevchenko
12%
The Gorilla Darren Till
6%
The Answer Frankie Edgar
6%
The Preacher's Daughter Holly Holm
6%
A-10 Jim Miller
6%
Minotouro Rogerio Nogueira
6%
Thug Rose Namajunas
6%
The Huntington Beach Bad Boy Tito Ortiz
6%
No Time Volkan Oezdemir
6%
The Mauler Alexander Gustafson
0%
The Pitbull Andrei Arlovski
0%
El Guapo Bas Rutten
0%
Funky Ben Askren
0%
The Prodigy BJ Penn
0%
Raw Dawg Brandon Royval
0%
The Natural Born Killer Carlos Condit
0%
Razor Curtis Blaydes
0%
The Beast Dan Severn
0%
The Devastator Dominick Reyes
0%
Junior Edson Barboza
0%
Vai Cavalo Fabricio Werdum
0%
Robocop Gregory Rodrigues
0%
Little Evil Jens Pulver
0%
Bate Estaca Jessica Andrade
0%
Cigano Junior dos Santos
0%
The Monster Kevin Randleman
0%
The Future Maycee Barber
0%
Cupcake Miesha Tate
0%
Cro Cop Mirko Filipovic
0%
The Irish Dragon Paul Felder
0%
The Eraser Paulo Costa
0%
The Natural Randy Couture
0%
Salsa Boy Waldo Cortes Acosta
0%
Keine übereinstimmenden Quizze gefunden
Verteilung der Resultate
Anzahl Personen mit jedem Resultat
Perzentil nach korrekt beantworteten Fragen
Ihre Resultats-Entwicklung
Sie haben dieses Quiz seit der letzten Aktualisierung nicht gespielt